Tres dramas y un cuarto /

Guardado en:
Autor Principal: Cerretani, Arturo
Formato: Libro
Publicado: Buenos Aires : Ser, 1964
Materias:
Etiquetas: Agregar Etiqueta
Sin Etiquetas, Sea el primero en etiquetar este registro!
LEADER 00647nam a22002055a 4500
001 CEM.cems001552
005 20110418104943.0
008 130507s1964##################000#0#####d
003 CEMS
082 0 4 |a A862.4 
100 1 |a Cerretani, Arturo 
245 1 0 |a Tres dramas y un cuarto /  |c Arturo Cerretani 
260 |a Buenos Aires :  |b Ser,  |c 1964 
300 |a 203 p. 
505 0 |a La casa sin dueño -- La mujer de un hombre -- La zona de sombra -- A la salud del viajero 
653 |a Lliteratura 
653 |a Literatura argentina 
653 |a Teatro 
653 |a Teatro argentino-siglo 20 
859 |a CEMS  |b BIB. CEMS - 11 de abril  |h A862.4  |i C336  |p 9538.81  |t Ej.1